000 00392nam a2200157Ia 4500
008 230917s9999||||xx |||||||||||||| ||und||
040 _e64069
_aMAIN
041 _aEnglish
082 _a389 W943W
100 _aWorld Measurement Guide
245 4 _aThe world measurement guide
250 _a4th ed.
260 _aLondon
_bThe Economist Newspaper
_c1980
300 _a240 p.
942 _cBK
999 _c231226
_d231226